| 000 | 00395pam a2200157 a 4500 | ||
|---|---|---|---|
| 020 |
_a9789351295099 _c |
||
| 041 | _aeng | ||
| 082 |
_a618 _bJON |
||
| 100 | _aJONES H.W. ROCK J.A. . | ||
| 245 |
_aTE LINDES `S OPERATIVE GYNECOLOGY _hTextual Documents |
||
| 250 | _a11. | ||
| 260 |
_bLIPPINCOTT WILLIAMS & WILKINS _c2016 |
||
| 300 |
_a1362: _bXX; _cHB. |
||
| 930 | _a7306 | ||
| 999 |
_c801833 _d801833 |
||
| 650 | _aOBST.GYNE | ||